Výber leasingovej spoločnosti

Zhodnotenie leasingových spoločností. Výber leasingovej spoločnosti podľa finančných podmienok. Dôležité otázky pri posudzovaní a analýze leasingovej spoločnosti.

Saved in:
Bibliographic Details
Main Author: Jánoš, Daniel
Format: Book Chapter
Language:Slovak
Subjects:
Tags: Add Tag
No Tags, Be the first to tag this record!

MARC

LEADER 00000naa a2200000 4500
001 r034897
005 20230926081359.9
041 0 |a slo 
044 |a SK 
245 1 0 |a Výber leasingovej spoločnosti  |c Daniel Jánoš 
520 |a Zhodnotenie leasingových spoločností. Výber leasingovej spoločnosti podľa finančných podmienok. Dôležité otázky pri posudzovaní a analýze leasingovej spoločnosti. 
610 2 0 |a spoločnosti lízingové 
610 2 0 |a lízing 
610 2 0 |a ceny 
610 2 0 |a služby 
610 2 0 |a informácie 
610 2 0 |a splátky 
610 2 0 |a analýzy 
100 1 |a Jánoš, Daniel